| 000 | 00839nam a2200229 a 4500 | ||
|---|---|---|---|
| 001 | 000031967 | ||
| 003 | DO-SdBNP | ||
| 005 | 20250607073643.0 | ||
| 008 | 110707s1999 dr 000 0 spa d | ||
| 040 |
_aDO-SdBNP _bspa _cBNPHU |
||
| 049 | _aBNPD | ||
| 100 | 1 |
_aGreen, Edward C. _958132 |
|
| 245 | 1 | 3 |
_aLa participación del hombre en la salud reproductiva / _cEdward C. Green, Aldo Conde, Irmela Riedlberger. |
| 260 |
_aSanto Domingo : _bCONAPOFA, _c1999. _fEl Nuevo Diario |
||
| 300 |
_a85 p. ; _c22 cm. |
||
| 490 | 1 |
_aCuadernos de población y familia _vno. 4 |
|
| 700 | 1 |
_aConde, Aldo _958133 |
|
| 700 | 1 |
_aRiedlberger, Irmela _958134 |
|
| 710 | 1 |
_aRepública Dominicana. _b Secretaria de Estado de Salud Pública y Asistencia Social (2001) _956549 |
|
| 830 | 0 |
_aCuadernos de población y familia _vno. 4 _954771 |
|
| 942 |
_2ddc _cLBS1 |
||
| 999 |
_c31458 _d31458 |
||